000 00768nam a2200229Ia 4500
005 20251020182521.0
008 200515s9999 xx 000 0 und d
082 _a69/S11/t2
100 _aSaad, Antonio Miguel
245 0 _aTratado de construcción : Productos cerámicos : fabricación, aplicación, usos y precios de aplicación
260 _aMéxico, D.F.
260 _bContinental
260 _c1975
300 _bil.; tbls.
500 _a1 ejemplar
520 _aEstudio simple, pero completo de los precios de aplicación de cada elemento constructivo y los productos cerámicos en general y su aplicación dentro de la edificación
650 _aCERAMICOS
650 _aFABRICACION DE CERAMICOS
650 _aLIB
942 _cLIB
999 _c1753
_d1753